| 000 | 00930nas a22002771i#4500 | ||
|---|---|---|---|
| 001 | 2459 | ||
| 003 | ES-MaACL | ||
| 005 | 20250808231727.0 | ||
| 007 | t| | ||
| 008 | 950801m1932 sp | | 1 ||pa d | ||
| 022 | _a0212-1387 | ||
| 080 | _a369:351.84(460)(094.9) | ||
| 080 | _a351.83(460)(094.9) | ||
| 245 | 0 | 0 | _aColección legislativa de España Jurisprudencia social. |
| 260 |
_aMadrid : _bReus, _c1932- |
||
| 300 |
_a23 v. ; _c23 cm. |
||
| 310 | _aBimestral | ||
| 362 | 0 | _aT. 1 (1931)- | |
| 580 | _aContinuada por: España. Tribunal Supremo. Sala de lo Social. Jurisprudencia del Tribunal Supremo. Sala Sexta de lo Social. | ||
| 650 | 4 |
_aDerecho laboral- _zEspaña- _vJurisprudencia. _9143304 |
|
| 650 | 4 |
_aDerecho de la seguridad social- _zEspaña _911696 |
|
| 785 | 0 | 0 | _tJurisprudencia del Tribunal Supremo. Sala Sexta de lo Social |
| 852 |
_aES-MaACL _jHem-514 |
||
| 866 | 1 | _o1931-36. | |
| 999 |
_c2459 _d2459 |
||